000 00293nam a2200121Ia 4500
008 240731s9999 xx 000 0 und d
022 _a1750-7448
245 0 _aImmunotherapy
260 _bTaylor & Francis
856 _uhttps://www.tandfonline.com/loi/iimy20
942 _2ddc
942 _cTFEJ
999 _c76930
_d76930
945 _a1
_bMadushi Gamage
_c1
_dMadushi Gamage